[Event "Mediterranean op 10th"]
[Site "Rijeka"]
[Date "2018.11.27"]
[Round "5"]
[White "Hocevar, Tim"]
[Black "Kaluza, Dominik"]
[Result "0-1"]
[WhiteElo "1212"]
[BlackElo "1503"]
[PlyCount "132"]
[EventDate "2018.11.24"]
[EventType "swiss"]
[EventRounds "9"]
[EventCountry "CRO"]
[SourceTitle "CBM 187 Extra"]
[Source "ChessBase"]
[SourceDate "2018.11.04"]
[SourceVersion "1"]
[SourceVersionDate "2018.11.04"]
[SourceQuality "1"]

1. e4 c6 2. d4 d5 3. exd5 cxd5 4. Bd3 Nc6 5. c3 Nf6 6. Be3 Bg4 7. Be2 Bxe2 8. Nxe2 e6 9. Nd2 Bd6 10. 0-0 Qc7 11. h3 0-0 12. Nf3 Ne7 13. Qc1 Ng6 14. Rb1 Rac8 15. Qd2 Ne4 16. Qd3 Nf4 17. Nxf4 Bxf4 18. Nd2 f5 19. Bxf4 Qxf4 20. Nxe4 fxe4 21. Qe3 Rf6 22. Qxf4 Rxf4 23. a3 Rcf8 24. Rbe1 Kf7 25. Re3 Ke7 26. g3 R4f5 27. Kg2 Kd6 28. f4 exf3+ 29. Rexf3 Rxf3 30. Rxf3 Rxf3 31. Kxf3 e5 32. Ke3 b5 33. dxe5+ Kxe5 34. b3 g6 35. g4 g5 36. a4 bxa4 37. bxa4 a5 38. Kd3 Kd6 39. c4 Kc5 40. cxd5 Kxd5 41. Ke3 Kc4 42. Ke4 Kb4 43. Kf5 h6 44. Kg6 Kxa4 45. Kxh6 Kb4 46. Kxg5 a4 47. h4 a3 48. h5 a2 49. h6 a1Q 50. Kh5 Qb1 51. Kg5 Qh7 52. Kh5 Kc5 53. g5 Qf5 54. Kh4 Qg6 55. Kg4 Kd5 56. Kf4 Ke6 57. Kg4 Ke5 58. Kh4 Kf4 59. Kh3 Qxg5 60. Kh2 Kf3 61. h7 Qg7 62. h8N Qb2+ 63. Kh1 Qc1+ 64. Kh2 Qd2+ 65. Kh3 Qf4 66. Nf7 Qg3# 0-1